Feasibility Study in Establishing Giant Kickers Taekwondo Center in San Rafael Rodriguez, Rizal / (Record no. 72839)

MARC details
000 -LEADER
fixed length control field 01542nam a22002657a 4500
003 - CONTROL NUMBER IDENTIFIER
control field urs
005 - DATE AND TIME OF LATEST TRANSACTION
control field 20240412175540.0
008 - FIXED-LENGTH DATA ELEMENTS--GENERAL INFORMATION
fixed length control field 240412b |||||||| |||| 00| 0 eng d
050 ## - LIBRARY OF CONGRESS CALL NUMBER
Classification number LG 221.R59 G954
Item number 2015
100 1# - MAIN ENTRY--PERSONAL NAME
Personal name Gumatang, Marvin B.
Relator term Researcher
245 1# - TITLE STATEMENT
Title <a href="Feasibility Study in Establishing Giant Kickers Taekwondo Center in San Rafael Rodriguez, Rizal /">Feasibility Study in Establishing Giant Kickers Taekwondo Center in San Rafael Rodriguez, Rizal /</a>
Statement of responsibility, etc Marvin B. Gumtang, Ellyn Jo A. Munoz, Mary Christ P. Taborite
260 1# - PUBLICATION, DISTRIBUTION, ETC. (IMPRINT)
Date of publication, distribution, etc 2015
300 ## - PHYSICAL DESCRIPTION
Extent xii, 125 leaves
Other physical details illustrations,
Dimensions 28 cm
336 ## - CONTENT TYPE
Source rdacontent
Content type term text
337 ## - MEDIA TYPE
Source rdamedia
Media type term unmediated
338 ## - CARRIER TYPE
Source rdacarrier
Carrier type term volume
502 ## - DISSERTATION NOTE
Dissertation note Undergraduate Thesis<br/>
Degree type Bachelor of Science in Business Administration Major in Marketing Management
Name of granting institution University of Rizal System, Rodriguez, Rizal<br/>
Year degree granted 2015
520 ## - SUMMARY, ETC.
Summary, etc The proponents proposed a business related to taekwondo sports entitled 'Giant Kickers Taekwondo Center". The Name was originated to the proponents school, University of Rizal System also known as URS Giants established in Brgy. San Rafael Rodriguez, Rizal<br/><br/>The objectives of this business are to promote that taekwondo are martial art that helps to enhance mind, body and strength. And also to develop discipline of them especially those people who want to take this kind of martial art.
650 ## - SUBJECT ADDED ENTRY--TOPICAL TERM
Source of heading or term Feasibility and Establishing
700 ## - ADDED ENTRY--PERSONAL NAME
Personal name Gumtang, Marvin B.
Relator term Researcher
700 ## - ADDED ENTRY--PERSONAL NAME
Personal name Munoz, Ellyn Jo A.
Relator term Resercher
700 ## - ADDED ENTRY--PERSONAL NAME
Personal name Taborite, Mary Christ P.
Relator term Researcher
700 ## - ADDED ENTRY--PERSONAL NAME
Personal name Marilou C. Hernandez
Relator term Adviser
942 ## - ADDED ENTRY ELEMENTS (KOHA)
Source of classification or shelving scheme Library of Congress Classification
Koha item type Theses and dissertations
Holdings
Withdrawn status Source of classification or shelving scheme Damaged status Not for loan Home library Current library Date acquired Total Checkouts Full call number Barcode Date last seen Price effective from Koha item type
  Library of Congress Classification   Not For Loan Rodriguez College Library Rodriguez College Library 04/12/2024   LG 221.R59 G954 2015 URSROD-UGT-MM-0381 04/12/2024 04/12/2024 Theses and dissertations

University of Rizal System
Email us at univlibservices@urs.edu.ph

Visit our Website www.urs.edu.ph/library